000 00311nam a22001337a 4500
020 _a81-903717-5-4
041 _aENG
100 _aShah. V.L
245 _aLimit State Design Of Steel Structures ( Is 800-2007 )
260 _aPune
_bStructures Pub
_c2009
300 _a340
650 _aFS
856 _uFS ( 36)
999 _c855
_d855